000 00350nam a2200133Ia 4500
008 231017s9999 xx 000 0 und d
082 _a625.84
082 _bCAB
245 0 _aEvaluation of Transverse Joint Forming Methods for PCC Pavement
245 0 _cLowa State University
260 _bLowa State University
300 _c30cm
942 _cREP
999 _c604869
_d604869